| 000 | 00512nam a2200205Ia 4500 | ||
|---|---|---|---|
| 003 | OSt | ||
| 005 | 20230408092712.0 | ||
| 008 | 210423s2010 xx 000 0 und d | ||
| 020 | _a9788126912957 | ||
| 040 | _cAL | ||
| 041 | _aeng | ||
| 082 | _a809.93592 MONJ | ||
| 100 |
_aMONTEFIORE (Jan). _984511 |
||
| 245 | _aRudyard Kipling. | ||
| 260 |
_aNew Delhi _bAtlantic Publishers and Distributors _c2010 |
||
| 300 |
_axiii,189 _bPB |
||
| 365 |
_b275 _cINR |
||
| 906 | _akipling. ; Rudyard | ||
| 942 |
_2ddc _cBK |
||
| 999 |
_c158228 _d158228 |
||